100 Hellos - Statistics

General Stats
  • This quiz has been taken 78 times
  • The average score is 11 of 100
Answer Stats
Language Hello % Correct
English Hello
86%
Catalan | Spanish Hola
86%
Creole Bonjou
61%
Afrikaans Hallo
61%
Portugese Olá
53%
French Bonjour
47%
German Guten tag
47%
Mandarin Nî hâo
39%
Finnish Hei
33%
Swedish Hej
33%
Japanese Konnichi wa
33%
Arabic | Farsi Salaam
33%
Italian Ciâo
31%
Albanian Allo
28%
Gaelic (Scottish) Halò
28%
Hebrew | Ladino Shalom
28%
Tajik Saläm
25%
Hindi Namasté
19%
Nepali | Punjabi (Hindu) Namaste
19%
Hawaiian Aloha
17%
Turkish Merhaba
17%
Slovak Ahoj
11%
Croatian | Macedonian Zdravo
11%
Vietnamese Chào
8%
Manchu Ei
8%
Tagalog Kamusta
8%
Maltese Bonju
6%
Fijian Bula
6%
Dutch Hoi
6%
Korean Annyong haseyo
3%
Czech Dobry den
3%
Polish Dzień dobry
3%
Danish | Norwegian Goddag
3%
Hungarian Jó napot
3%
Basque Kaixo
3%
Maori Kia ora
3%
Cantonese Néih hóu
3%
Ukrainian Pryvit
3%
Esperanto Saluton
3%
Latvian Sveiki
3%
Greek Yiassou
3%
Xucuru-Cariri Akakáume
0%
Urdu Assalam-o-Alekum
0%
Punjabi (Muslim) Asslaam alaikam
0%
Inuktitut Asujutilli
0%
Latin Ave
0%
Walloon Bondjoû
0%
Alsatian Bùschùr
0%
Apache Dad'atay
0%
Welsh Dydd da
0%
Yoruba E kú àárò
0%
Georgian Gamardjoba
0%
Icelandic Góðan daginn
0%
Cheyenne Haaahe
0%
Gaelige (Irish) Haileo
0%
Egyptian (ancient) Itti em hotep
0%
Huichol Ke áku
0%
Zuñi Keshi
0%
Luganda Ki kati
0%
Yucateco Ki'ki't'àantabah
0%
Edo Kóyo
0%
Lithuanian Labas
0%
Somali Maalin wanagsan
0%
Tongan Malo e lelei
0%
Chechen Marscha voghiila
0%
Ga Mingabu
0%
Burmese Mingala ba
0%
Luxembourgish Moiën
0%
Xhosa Molo
0%
Sanskrit Namo namah
0%
Nimo Nena wenao
0%
Náhuatl Niltze
0%
Bengali Nomoskaar
0%
Blackfoot Oki
0%
Balinese Om swastyastu
0%
Cherokee O-si-yo
0%
Zapotec Pa diuxi
0%
Belorussian Pryvitáni
0%
Kurdi Rozhbash
0%
Punjabi (Sikh) Sat siri akal
0%
Thai Sawatdee khrab
0%
Zulu Sawubona
0%
Indonesian Selamat siang
0%
Chaldean Shlama illakh
0%
Assyrian Shlomo
0%
Yiddish Sholem aleykhem
0%
Maasai Supa
0%
Samoan Talofa
0%
Navajo Yá'át'ééh
0%
Romani Yov sasti
0%
Mixe Za jiatsy
0%
Bulgarian Zdravéi
0%
Russian Zdravstvuite
0%
Slovenian Živijo
0%
No matching quizzes found
Score Distribution
Percent of People with Each Score
Percentile by Number Answered
Your Score History
You have not taken this quiz